| 000 | 00752cab a2200265 4500 | ||
|---|---|---|---|
| 001 | ABS55575 | ||
| 008 | 090401t1996 xxu||||| |||| 00| 0 eng d | ||
| 035 | _a(Sirsi) u17388 | ||
| 041 | _aeng | ||
| 100 | _aLing, L. | ||
| 245 | _aEnvironmental management issues in China: problems and strategies | ||
| 260 | _c1996 | ||
| 350 | _a0 | ||
| 490 |
_aProperty Management _v14(3) 1996, 17-26(10) |
||
| 520 | _aProvides an overview of environmental amanagement issues experienced in China. | ||
| 650 | _aCHINA | ||
| 650 |
_aEnvironment _96238 |
||
| 650 | _aENVIRONMENTAL MANAGEMENT | ||
| 650 | _aOFFICES | ||
| 650 | _aPROPERTY DEVELOPMENT | ||
| 690 | _aOVERSEAS-REST OF THE WORLD | ||
| 700 | _aIsaac, D. | ||
| 942 | _n0 | ||
| 948 | _c04/03/1997 | ||
| 999 |
_c11532 _d11532 |
||